[Event "ICS rated bullet match"]
[Site "204.178.125.65"]
[Date "2000.03.13"]
[Round "?"]
[White "Hossa"]
[Black "BountyHunter"]
[Result "0-1"]
[WhiteElo "2394"]
[BlackElo "2744"]
[PlyCount "80"]
[EventDate "2000.??.??"]

1. d4 d5 2. c4 e6 3. Nc3 Nf6 4. Nf3 Be7 5. Bg5 h6 6. Bh4 O-O 7. e3 b6 8. cxd5
Nxd5 9. Bxe7 Qxe7 10. Bd3 Bb7 11. Nxd5 Bxd5 12. O-O Nd7 13. e4 Bb7 14. Qc1 c5
15. Qf4 cxd4 16. Qc7 Qd8 17. Qxb7 Nc5 18. Qc6 Nxd3 19. Rad1 Nxb2 20. Rxd4 Qc8
21. Qb5 Qc3 22. Rb4 a6 23. Qxb6 Nc4 24. Qb7 a5 25. Ra4 Rab8 26. Qa6 Rfc8 27. e5
Qc2 28. Rxc4 Qxc4 29. Qxa5 Ra8 30. Qb6 Rxa2 31. Qd6 Rca8 32. Qe7 Ra1 33. Nd2
Rxf1+ 34. Nxf1 Ra1 35. Qd8+ Kh7 36. Qd3+ Qxd3 37. h4 Qxf1+ 38. Kh2 Qxf2 39. Kh3
Rh1+ 40. Kg4 Rxh4# 0-1

[Event "ICS rated blitz match"]
[Site "204.178.125.65"]
[Date "2000.03.13"]
[Round "?"]
[White "star"]
[Black "Hossa"]
[Result "1-0"]
[WhiteElo "2651"]
[BlackElo "2520"]
[PlyCount "135"]
[EventDate "2000.??.??"]

1. d4 d5 2. c4 e6 3. Nf3 dxc4 4. e4 Bb4+ 5. Bd2 Bxd2+ 6. Qxd2 b5 7. a4 Bb7 8.
axb5 Bxe4 9. Be2 Bxb1 10. Rxb1 Nf6 11. O-O O-O 12. Rfc1 Nbd7 13. Bxc4 Nb6 14.
Bd3 Nfd5 15. Ra1 Qe7 16. Qc2 g6 17. Ne5 Qg5 18. Nc6 Nc8 19. Be4 Nf6 20. Bf3
Qxb5 21. Ra5 Qb6 22. Qe2 a6 23. Ra4 a5 24. b4 Kh8 25. bxa5 Qb3 26. Rb4 Qa3 27.
Qe1 Nd5 28. Bxd5 exd5 29. Ra1 Qd3 30. Qe5+ f6 31. Qxc7 Qc3 32. Rf1 Ra7 33. Rb7
Rxb7 34. Qxb7 Qa3 35. a6 Nd6 36. Qe7 Nb5 37. Qxa3 Nxa3 38. Ra1 Nb5 39. Rb1 Rc8
40. a7 Kg7 41. Kf1 Nxa7 42. Nxa7 Rc4 43. Nb5 h5 44. Ke1 Kh7 45. Kd2 h4 46. Kd3
Ra4 47. Nc3 Ra5 48. Rb6 f5 49. Rd6 Kh6 50. Nxd5 Ra3+ 51. Kc4 Ra4+ 52. Kc5 Ra5+
53. Kc6 Ra2 54. Ne7 Kh7 55. Rxg6 Ra6+ 56. Kd5 Rxg6 57. Nxg6 Kxg6 58. Ke6 Kg7
59. d5 Kf8 60. d6 Ke8 61. d7+ Kd8 62. f4 Kc7 63. Ke7 Kb8 64. d8=Q+ Kb7 65. Kd6
h3 66. Qc7+ Ka6 67. Kc5 hxg2 68. Qb6# 1-0

[Event "ICS rated blitz match"]
[Site "204.178.125.65"]
[Date "2000.03.13"]
[Round "?"]
[White "Hossa"]
[Black "star"]
[Result "0-1"]
[WhiteElo "2510"]
[BlackElo "2661"]
[PlyCount "146"]
[EventDate "2000.??.??"]

1. e4 c6 2. d4 d5 3. Nc3 dxe4 4. Nxe4 Bf5 5. Ng3 Bg6 6. h4 h6 7. Nf3 Nd7 8. h5
Bh7 9. Bd3 Bxd3 10. Qxd3 Qc7 11. Bd2 Ngf6 12. O-O-O e6 13. Rde1 O-O-O 14. Rh4
Bd6 15. Ne4 Nxe4 16. Qxe4 Nf6 17. Qe2 Kb8 18. Rd1 Ka8 19. Ne5 c5 20. Nc4 Be7
21. Bf4 Qc6 22. Ne5 Qe4 23. Qe1 Qxe1 24. Rxe1 Nd5 25. Bg3 Bg5+ 26. Kb1 Bxh4 27.
Bxh4 Rdf8 28. c4 Nf4 29. Be7 Nxg2 30. Rg1 Re8 31. Nxf7 Rhg8 32. Bxc5 Nf4 33.
Nd6 Rd8 34. Nb5 a6 35. Nc7+ Kb8 36. Rg4 Kxc7 37. Rxf4 b6 38. Be7 Rd7 39. Bh4 g5
40. Rg4 Rgd8 41. Bg3+ Kb7 42. Be5 Rf8 43. Bg3 Kc6 44. Re4 Re7 45. d5+ Kd7 46.
d6 Ref7 47. Rd4 Rf5 48. b3 e5 49. Rd5 g4 50. a4 Rxf2 51. Bxf2 Rxf2 52. c5 bxc5
53. Rd3 Rf3 54. Kc2 Rxd3 55. Kxd3 Kxd6 56. Ke3 Kd5 57. a5 Kc6 58. Ke4 Kb5 59.
Kd3 g3 60. Ke2 e4 61. Ke3 Kxa5 62. Ke2 Kb4 63. Ke3 Kxb3 64. Ke2 c4 65. Ke3 c3
66. Kxe4 g2 67. Kf5 g1=Q 68. Ke5 Qg5+ 69. Kd6 c2 70. Kc7 c1=Q+ 71. Kb7 Qe7+ 72.
Kxa6 Qc4+ 73. Kb6 Qec7# 0-1

[Event "ICS rated blitz match"]
[Site "204.178.125.65"]
[Date "2000.03.13"]
[Round "?"]
[White "star"]
[Black "Hossa"]
[Result "1-0"]
[WhiteElo "2670"]
[BlackElo "2501"]
[PlyCount "119"]
[EventDate "2000.??.??"]

1. e4 c5 2. c3 d5 3. exd5 Qxd5 4. d4 e6 5. Nf3 Nf6 6. Na3 Nc6 7. Be2 Qd8 8. Nc2
Be7 9. O-O O-O 10. Bg5 cxd4 11. Ncxd4 Bd7 12. Re1 Qb6 13. Qb3 Nxd4 14. Nxd4 Qc7
15. Bf3 Rab8 16. Rad1 Rfe8 17. Nb5 Qa5 18. Bxf6 Bxb5 19. Bxe7 Rxe7 20. Re5 a6
21. c4 Qc7 22. Re4 Bc6 23. Red4 e5 24. Rd6 Rd7 25. c5 Rbd8 26. Bxc6 Qxc6 27.
Qd5 Rxd6 28. cxd6 Qc2 29. b4 e4 30. d7 h6 31. a3 b6 32. Kf1 g5 33. Rd2 Qc1+ 34.
Ke2 e3 35. fxe3 Qc7 36. Qd6 Qc4+ 37. Kf3 Qf1+ 38. Kg4 Qc4+ 39. Kf5 Qf1+ 40. Ke5
Qa1+ 41. Qd4 Qxa3 42. Kf6 Qc1 43. Qe4 Qc3+ 44. Rd4 Rf8 45. Qe7 Qc6+ 46. Qd6
Qxd6+ 47. Rxd6 Rd8 48. Ke7 Rxd7+ 49. Kxd7 a5 50. b5 Kg7 51. Rxb6 f5 52. Ra6 f4
53. b6 fxe3 54. b7 e2 55. b8=Q e1=R 56. Qb2+ Kh7 57. Qc2+ Kg8 58. Qg6+ Kh8 59.
Ra8+ Re8 60. Rxe8# 1-0

[Event "ICS rated blitz match"]
[Site "204.178.125.65"]
[Date "2000.03.13"]
[Round "?"]
[White "Hossa"]
[Black "star"]
[Result "0-1"]
[WhiteElo "2492"]
[BlackElo "2679"]
[PlyCount "140"]
[EventDate "2000.??.??"]

1. e4 e5 2. Nf3 Nf6 3. Nxe5 d6 4. Nf3 Nxe4 5. d4 d5 6. Bd3 Bd6 7. O-O O-O 8. c4
c6 9. cxd5 cxd5 10. Nc3 Nxc3 11. bxc3 Bg4 12. Rb1 Nd7 13. h3 Bh5 14. Rb5 Nb6
15. c4 Bxf3 16. Qxf3 dxc4 17. Bc2 Qd7 18. a4 Bc7 19. Qe4 g6 20. Bh6 a6 21. Rc5
f5 22. Qf3 Bd6 23. Bxf8 Rxf8 24. Qc3 Rd8 25. Rxc4 Nxc4 26. Qxc4+ Kh8 27. Bb3 b5
28. axb5 axb5 29. Qe2 Re8 30. Qf3 Bb4 31. Bd5 Rd8 32. Qb3 Be7 33. Bf3 Qxd4 34.
Qxb5 Bc5 35. Qb3 Qd2 36. Qb7 Qc2 37. Qf7 Qc3 38. h4 Qd4 39. h5 Rd7 40. Qe6 Kg7
41. Qc6 Re7 42. hxg6 hxg6 43. Bd5 Re2 44. Qc7+ Kh6 45. Bg8 Qb4 46. Qh7+ Kg5 47.
Bf7 Qb6 48. Kh1 Rxf2 49. Rg1 Rb2 50. Bxg6 Qxg6 51. Qxg6+ Kxg6 52. Rc1 Bd6 53.
Kg1 Kf6 54. Rc6 Ke5 55. Rc1 f4 56. Re1+ Kf5 57. Rd1 Bc5+ 58. Kh2 Kg4 59. Rd7 f3
60. Rg7+ Kh4 61. Rh7+ Kg5 62. Kh3 f2 63. Rf7 Rb1 64. g3 f1=Q+ 65. Rxf1 Rxf1 66.
g4 Rf2 67. Kg3 Kf6 68. Kh4 Bd6 69. g5+ Kf5 70. g6 Rh2# 0-1

[Event "ICS rated blitz match"]
[Site "204.178.125.65"]
[Date "2000.03.13"]
[Round "?"]
[White "star"]
[Black "Hossa"]
[Result "1/2-1/2"]
[WhiteElo "2687"]
[BlackElo "2484"]
[PlyCount "205"]
[EventDate "2000.??.??"]

1. d4 Nf6 2. c4 e6 3. Nf3 b6 4. g3 Ba6 5. b3 Bb4+ 6. Bd2 Be7 7. Bg2 c6 8. Bc3
d5 9. Ne5 Nfd7 10. Nxd7 Nxd7 11. Nd2 O-O 12. O-O Rc8 13. e4 c5 14. exd5 exd5
15. dxc5 dxc4 16. Nxc4 Rxc5 17. Rc1 Bxc4 18. bxc4 Rxc4 19. Qe2 Rc7 20. Bxg7
Rxc1 21. Rxc1 Kxg7 22. Rd1 Bg5 23. h4 Qc7 24. Qg4 Ne5 25. Qxg5+ Ng6 26. h5 Qe5
27. Qg4 f5 28. Qb4 Nh8 29. h6+ Kg8 30. Bd5+ Nf7 31. Bxf7+ Kxf7 32. Rd7+ Ke8 33.
Rxh7 Rf7 34. Qb3 Qf6 35. Rxf7 Qxf7 36. Qf3 Qg6 37. Qh1 f4 38. Qh4 fxg3 39. h7
gxf2+ 40. Kxf2 Qc2+ 41. Kf3 Qd3+ 42. Kg2 Qg6+ 43. Kf1 Qd3+ 44. Ke1 Qb1+ 45. Ke2
Qc2+ 46. Ke3 Qc3+ 47. Kf4 Qd4+ 48. Kg5 Qg7+ 49. Kf5 Qf7+ 50. Ke5 Qc7+ 51. Kd4
Qc5+ 52. Kd3 Qa3+ 53. Kc2 Qxa2+ 54. Kd3 Qb3+ 55. Ke2 Qc2+ 56. Kf3 Qd3+ 57. Kf2
Qd2+ 58. Kf1 Qd3+ 59. Kg1 Qb1+ 60. Kf2 Qb2+ 61. Kf3 Qc3+ 62. Kg4 Qg7+ 63. Kf5
Qf7+ 64. Ke5 Qc7+ 65. Kd4 Qc5+ 66. Kd3 Qd5+ 67. Qd4 Qb5+ 68. Kc3 Qc6+ 69. Kb4
a5+ 70. Kb3 Qe6+ 71. Kc3 Qe1+ 72. Kb2 Qe2+ 73. Kc1 Qf1+ 74. Kd2 Qg2+ 75. Kc3
Qg3+ 76. Qd3 Qe5+ 77. Kb3 Qh8 78. Qg6+ Kf8 79. Kc4 Ke7 80. Qg8 Qe5 81. h8=Q
Qe2+ 82. Kb3 Qb5+ 83. Ka2 Qa4+ 84. Kb2 Qb4+ 85. Qb3 Qd2+ 86. Ka3 Qd6+ 87. Ka2
Qd2+ 88. Qhb2 Qxb2+ 89. Kxb2 Kf8 90. Qxb6 a4 91. Qa5 Kg7 92. Qxa4 Kf7 93. Qe4
Kf6 94. Kc3 Kg5 95. Kd4 Kf6 96. Kd5 Kf7 97. Qe5 Kg6 98. Ke4 Kh6 99. Qf5 Kg7
100. Kf4 Kh6 101. Qg5+ Kh7 102. Kf5 Kh8 103. Qg6 1/2-1/2

[Event "ICS rated blitz match"]
[Site "204.178.125.65"]
[Date "2000.03.13"]
[Round "?"]
[White "Hossa"]
[Black "star"]
[Result "0-1"]
[WhiteElo "2492"]
[BlackElo "2679"]
[PlyCount "112"]
[EventDate "2000.??.??"]

1. d4 Nf6 2. c4 g6 3. Nc3 d5 4. cxd5 Nxd5 5. e4 Nxc3 6. bxc3 Bg7 7. Bc4 c5 8.
Ne2 O-O 9. O-O Nc6 10. Be3 Bg4 11. f3 Na5 12. Bxf7+ Rxf7 13. fxg4 Rxf1+ 14.
Qxf1 Nc4 15. Qf2 Qd7 16. Qg3 e5 17. Bf2 exd4 18. cxd4 cxd4 19. Qd3 Ne5 20. Qb3+
Kh8 21. Rd1 Nc6 22. g5 Rf8 23. Rd2 Qg4 24. Qd5 Rd8 25. h3 Rxd5 26. hxg4 Rd7 27.
Nf4 Re7 28. Re2 Kg8 29. Nd5 Re6 30. Re1 a6 31. Bg3 Be5 32. Kh2 Kh8 33. Kh3 d3
34. Bxe5+ Nxe5 35. Kh4 d2 36. Rd1 Nc4 37. Nc3 b5 38. a3 Re7 39. Kh3 a5 40. g3
b4 41. axb4 axb4 42. Nd5 Rxe4 43. Ra1 Re1 44. Ra8+ Kg7 45. Ra7+ Kf8 46. Ra8+
Kf7 47. Ra7+ Ke6 48. Nf4+ Kd6 49. Ra6+ Kd7 50. Ra7+ Kc6 51. Ra6+ Kb5 52. Ra2
Rh1+ 53. Kg2 d1=Q 54. Ra1 Ne3+ 55. Kf2 Nxg4+ 56. Kg2 Rh2# 0-1

[Event "ICS rated blitz match"]
[Site "204.178.125.65"]
[Date "2000.03.13"]
[Round "?"]
[White "star"]
[Black "Hossa"]
[Result "1-0"]
[WhiteElo "2687"]
[BlackElo "2484"]
[PlyCount "109"]
[EventDate "2000.??.??"]

1. e4 e5 2. Nf3 Nc6 3. Bb5 a6 4. Ba4 Nf6 5. d4 exd4 6. O-O Bc5 7. e5 Ng4 8. h3
Ngxe5 9. Nxe5 Nxe5 10. Re1 f6 11. f4 d3+ 12. Be3 dxc2 13. Bxc2 Bxe3+ 14. Rxe3
d6 15. Qh5+ Kf8 16. fxe5 dxe5 17. Bb3 Qe8 18. Qf3 a5 19. Nc3 a4 20. Bc2 a3 21.
Rae1 Qc6 22. Rxe5 Bd7 23. Re7 Qxf3 24. gxf3 Re8 25. Rxe8+ Bxe8 26. bxa3 Bc6 27.
Be4 Kf7 28. Bxc6 bxc6 29. Re4 Rd8 30. Rc4 Rd6 31. a4 Ke7 32. a5 Re6 33. a6 Rd6
34. Re4+ Kf7 35. Rb4 Rd8 36. Rb7 Rc8 37. a7 Ra8 38. Rxc7+ Kg6 39. Na4 Rd8 40.
a3 Rd1+ 41. Kf2 Rd2+ 42. Kg3 Rd8 43. Nb6 h5 44. Nc8 h4+ 45. Kf2 c5 46. a8=Q Kh6
47. Qe4 Rd4 48. Qe7 Rd2+ 49. Ke3 Rg2 50. Qe8 Re2+ 51. Kxe2 c4 52. Qh8+ Kg5 53.
Rc5+ f5 54. Qxg7+ Kf4 55. Rxc4# 1-0

[Event "ICS rated blitz match"]
[Site "204.178.125.65"]
[Date "2000.03.13"]
[Round "?"]
[White "Hossa"]
[Black "PostModernist"]
[Result "0-1"]
[WhiteElo "2476"]
[BlackElo "2542"]
[PlyCount "164"]
[EventDate "2000.??.??"]

1. e4 c6 2. d4 d5 3. Nc3 dxe4 4. Nxe4 Nd7 5. Ng5 Nb6 6. Bd3 g6 7. N1f3 Bg7 8.
O-O Nh6 9. c3 O-O 10. Re1 Bf5 11. Ne4 Re8 12. Nc5 Bxd3 13. Bxh6 Bxh6 14. Qxd3
Rb8 15. Qc2 e6 16. Qb3 Qe7 17. g3 Bg7 18. Ne4 Rbd8 19. Rab1 Rd5 20. c4 Ra5 21.
Rbd1 Rf8 22. Re2 Ra8 23. Rde1 Rd8 24. Rd1 Rh5 25. Ree1 Rh6 26. Rd2 Rh3 27. Rd3
Kh8 28. Re2 Rh6 29. Qc2 Kg8 30. Qc3 Rc8 31. Rc2 Ra8 32. Re3 Rd8 33. b4 a6 34.
Re1 Rh5 35. Nc5 Nc8 36. Rce2 a5 37. a3 Nd6 38. Nb3 a4 39. Nc5 b5 40. cxb5 Nxb5
41. Qc1 Qf6 42. Qe3 Qf5 43. Rd1 e5 44. Nxa4 Qh3 45. Ra2 Nxd4 46. Raa1 Rd5 47.
Nb6 Bh6 48. Qd3 Rb5 49. Nc4 Bg7 50. Ra2 Rd5 51. Ncd2 e4 52. Qxe4 Nxf3+ 53. Qxf3
Qxh2+ 54. Kf1 Qh1+ 55. Qxh1 Rxh1+ 56. Ke2 Re5+ 57. Ne4 Rxe4+ 58. Kf3 Rxd1 59.
Kxe4 f5+ 60. Kf3 Rd3+ 61. Kg2 f4 62. gxf4 Bh6 63. f5 gxf5 64. Kf1 Rc3 65. Ra1
Rc1+ 66. Rxc1 Bxc1 67. a4 Bd2 68. b5 c5 69. Ke2 Ba5 70. Kd3 h5 71. Ke3 c4 72.
f4 h4 73. b6 Bxb6+ 74. Kf3 Bc7 75. Ke3 h3 76. Kf2 c3 77. Kg3 c2 78. Kxh3 c1=Q
79. Kg2 Qd2+ 80. Kh1 Qf2 81. a5 Qf1+ 82. Kh2 Bxf4# 0-1

[Event "ICS rated blitz match"]
[Site "204.178.125.65"]
[Date "2000.03.13"]
[Round "?"]
[White "j724"]
[Black "Hossa"]
[Result "0-1"]
[WhiteElo "2110"]
[BlackElo "2463"]
[PlyCount "34"]

1. d4 Nf6 2. Nf3 e6 3. Bf4 d5 4. e3 Bd6 5. Ne5 O-O 6. Nd2 c5 7. c3 cxd4 8. exd4
Qc7 9. Bd3 Nc6 10. Qe2 Bxe5 11. dxe5 Nd7 12. Nf3 f6 13. exf6 Qxf4 14. Qxe6+ Kh8
15. fxg7+ Kxg7 16. O-O Nde5 17. Qxd5 Rd8 0-1

[Event "ICS rated blitz match"]
[Site "204.178.125.65"]
[Date "2000.03.13"]
[Round "?"]
[White "QueenMaxima"]
[Black "Hossa"]
[Result "1-0"]
[WhiteElo "2463"]
[BlackElo "2471"]
[PlyCount "157"]

1. d4 Nf6 2. c4 g6 3. Nc3 d5 4. Nf3 Bg7 5. Qa4+ Bd7 6. Qb3 dxc4 7. Qxc4 Bc6 8.
Bf4 Nbd7 9. e4 Nb6 10. Qd3 Nh5 11. Be5 f6 12. d5 fxe5 13. dxc6 Qxd3 14. Bxd3
bxc6 15. Ba6 O-O 16. Bb7 Rad8 17. Bxc6 Nf4 18. O-O Rd6 19. Bb5 Ne6 20. Rab1 Nd4
21. Ng5 Bh6 22. Nh3 c5 23. Rbd1 Rfd8 24. Ba6 Nd7 25. Bd3 e6 26. Kh1 Rb6 27. Rb1
Nf6 28. Rfd1 Rbd6 29. Bc4 a6 30. f3 Rf8 31. Nf2 Be3 32. Nd3 Nd7 33. Na4 Rc8 34.
Ra1 Rdc6 35. Nc3 Rf8 36. Rf1 Nc2 37. Rab1 Rd6 38. Nd1 Bg5 39. N1f2 Ne3 40. Rfc1
Bh4 41. Bb3 Rc8 42. g3 Bg5 43. h4 Bh6 44. Ba4 Nb6 45. Rxc5 Rf8 46. Bb3 Rxf3 47.
Rbc1 Kh8 48. Rc6 Rxc6 49. Rxc6 Nd7 50. Bxe6 Nf8 51. Rxa6 Rf6 52. Bc8 Rf3 53.
Kh2 Bg7 54. Rd6 h5 55. Rd8 Rf6 56. a4 Rc6 57. b4 Kg8 58. b5 Rb6 59. Ba6 Bf6 60.
Rc8 Re6 61. a5 Be7 62. b6 Rf6 63. b7 Bd6 64. Bb5 Re6 65. a6 Re7 66. a7 Rxb7 67.
Bc4+ Kg7 68. a8=Q Rd7 69. Nxe5 Bxe5 70. Qa3 Ng4+ 71. Nxg4 Rd2+ 72. Kg1 Rd1+ 73.
Kf2 Rd6 74. Nxe5 Rf6+ 75. Ke3 Nh7 76. Qe7+ Kh6 77. Rh8 Rf7 78. Qxf7 g5 79.
Rxh7# 1-0

[Event "ICS rated blitz match"]
[Site "204.178.125.65"]
[Date "2000.03.13"]
[Round "?"]
[White "summit"]
[Black "Hossa"]
[Result "0-1"]
[WhiteElo "2337"]
[BlackElo "2455"]
[PlyCount "142"]

1. e4 e5 2. Nf3 Nc6 3. Bb5 a6 4. Ba4 Nf6 5. O-O Be7 6. Re1 b5 7. Bb3 O-O 8. h3
d6 9. c3 a5 10. d4 exd4 11. Bd5 Nxd5 12. exd5 Ne5 13. Nxd4 Bd7 14. Na3 b4 15.
cxb4 axb4 16. Nac2 Rb8 17. Qd2 Bf6 18. Rb1 Qc8 19. Qe3 Qb7 20. Qb3 Qa8 21. f4
Ba4 22. Qe3 Nc4 23. Qf2 Bd7 24. b3 Na5 25. Bb2 Qxd5 26. Nf3 Bxb2 27. Rxb2 Nc6
28. Ne3 Qa5 29. Rd2 Ra8 30. Nc4 Qa6 31. Ne3 Rfe8 32. Qh4 Qa7 33. Qf2 Ne7 34.
Nd4 d5 35. Nf3 c6 36. Ne5 Be6 37. Nf3 Qa3 38. Nd4 Bd7 39. f5 f6 40. Rde2 Qa7
41. Ng4 Kf7 42. Kf1 c5 43. Nxf6 gxf6 44. Qh4 Kg8 45. Rxe7 Rxe7 46. Rxe7 Bb5+
47. Nxb5 Qxe7 48. Qg3+ Kh8 49. Nc7 Rxa2 50. Ne6 Qa7 51. Kg1 c4+ 52. Kh2 Ra1 53.
Qf4 Re1 54. Nc5 cxb3 55. Qd6 Qe7 56. Qb8+ Qe8 57. Qxe8+ Rxe8 58. Nxb3 Re3 59.
Nc5 Rc3 60. Na4 Rc2 61. Kg3 Ra2 62. Nc5 Ra5 63. Nb7 Ra3+ 64. Kh2 b3 65. Nd6 b2
66. Nb5 Rd3 67. Nc7 b1=Q 68. Nxd5 Qe1 69. Ne3 Rxe3 70. h4 Qxh4+ 71. Kg1 Re1#
0-1

[Event "ICS rated blitz match"]
[Site "204.178.125.65"]
[Date "2000.03.13"]
[Round "?"]
[White "Hossa"]
[Black "QueenMaxima"]
[Result "1-0"]
[WhiteElo "2466"]
[BlackElo "2479"]
[PlyCount "73"]

1. d4 d5 2. c4 dxc4 3. Nf3 Nf6 4. e3 b5 5. Be2 c6 6. O-O a5 7. b3 cxb3 8. axb3
Bf5 9. Ne5 Qc7 10. Bd3 Bxd3 11. Nxd3 Nbd7 12. Ba3 Ra7 13. Nd2 a4 14. bxa4 Rxa4
15. Qc2 Ng4 16. g3 Nb6 17. Nc5 Ra8 18. Nce4 Nd5 19. Rfc1 Rc8 20. Bc5 Ngf6 21.
Ra7 Qd8 22. Nxf6+ Nxf6 23. Nf3 Nd7 24. Bb4 Qb6 25. Rxd7 Kxd7 26. Ne5+ Ke8 27.
Qf5 Rc7 28. Rxc6 Qxc6 29. Nxc6 f6 30. Qxb5 Kf7 31. Nd8+ Kg6 32. g4 Rc1+ 33. Kg2
Rc5 34. Qe8+ Kh6 35. Nf7+ Kg6 36. Ne5+ Kh6 37. Qh5# 1-0

[Event "ICS rated blitz match"]
[Site "204.178.125.65"]
[Date "2000.03.13"]
[Round "?"]
[White "PostModernist"]
[Black "Hossa"]
[Result "1/2-1/2"]
[WhiteElo "2555"]
[BlackElo "2483"]
[PlyCount "142"]

1. e4 e5 2. Nf3 Nc6 3. Bb5 Nf6 4. O-O Bc5 5. c3 O-O 6. d4 Bb6 7. Re1 d6 8. h3
Bd7 9. Bg5 Qe7 10. a4 a6 11. dxe5 Nxe5 12. Bxf6 Qxf6 13. Bxd7 Nxd7 14. a5 Ba7
15. Qd5 Ne5 16. Nbd2 c6 17. Qb3 Qf4 18. c4 Rab8 19. Qc3 f5 20. exf5 Rxf5 21.
Re2 Rbf8 22. Kh1 Qh6 23. Nxe5 Rxe5 24. Rxe5 dxe5 25. f3 Bd4 26. Qd3 Qh4 27. Ne4
Bxb2 28. Rb1 Bd4 29. c5 Kh8 30. Qb3 Rb8 31. Qf7 h6 32. Qc7 Qd8 33. Qxd8+ Rxd8
34. Rxb7 Rd5 35. Ra7 Bxc5 36. Nxc5 Rxc5 37. Rxa6 Rc1+ 38. Kh2 Kh7 39. Rb6 c5
40. Rb5 g5 41. a6 Ra1 42. Rxc5 Rxa6 43. Rxe5 Kg7 44. Re4 Ra1 45. h4 Rd1 46. Kg3
Kf6 47. Kg4 gxh4 48. Kxh4 Rh1+ 49. Kg3 Rf1 50. Rc4 h5 51. Rc6+ Kg7 52. Kh4 Rf2
53. g4 hxg4 54. fxg4 Rh2+ 55. Kg3 Rh6 56. Rxh6 Kxh6 57. Kf4 Kg6 58. g5 Kg7 59.
Kf5 Kf7 60. g6+ Kg7 61. Kg5 Kg8 62. Kf4 Kg7 63. Kf5 Kg8 64. Kg5 Kg7 65. Kf5 Kg8
66. Kg4 Kg7 67. Kh5 Kg8 68. Kh6 Kh8 69. g7+ Kg8 70. Kh5 Kh7 71. g8=Q+ Kxg8
1/2-1/2

[Event "ICS rated blitz match"]
[Site "204.178.125.65"]
[Date "2000.03.13"]
[Round "?"]
[White "Hossa"]
[Black "PostModernist"]
[Result "1/2-1/2"]
[WhiteElo "2486"]
[BlackElo "2552"]
[PlyCount "156"]

1. e4 c6 2. d4 d5 3. Nc3 dxe4 4. Nxe4 Nd7 5. Ng5 Nb6 6. Bd3 g6 7. N1f3 Bg7 8.
O-O Nh6 9. c3 O-O 10. Ne4 Nf5 11. Re1 Qc7 12. Nc5 Nd5 13. Bd2 a5 14. c4 Nb6 15.
Bc3 Rd8 16. Bxf5 Bxf5 17. Qb3 e6 18. Ne5 f6 19. Nf3 a4 20. Qb4 Bf8 21. Nh4 a3
22. Nxf5 exf5 23. Qb3 axb2 24. Bxb2 Bxc5 25. dxc5 Nd7 26. Qe3 Ne5 27. f4 Nxc4
28. Qe6+ Qf7 29. Qxf6 Qxf6 30. Bxf6 Rd7 31. a4 Ra5 32. Bc3 Ra8 33. Bf6 Nd2 34.
Re7 Rxe7 35. Bxe7 Ne4 36. Rb1 Rxa4 37. h3 Rc4 38. Rxb7 Nxc5 39. Bxc5 Rxc5 40.
Rb8+ Kg7 41. Rb7+ Kh6 42. Kf2 Rc2+ 43. Kf3 Rc3+ 44. Kf2 Rc4 45. Kf3 Rd4 46. g4
g5 47. fxg5+ Kxg5 48. Rxh7 fxg4+ 49. hxg4 Rf4+ 50. Kg2 Kxg4 51. Rg7+ Kh5 52.
Rh7+ Kg6 53. Rc7 Rf6 54. Rc8 Kf5 55. Kf3 Ke5+ 56. Ke3 Kd5 57. Rd8+ Rd6 58.
Rxd6+ Kxd6 59. Kd2 c5 60. Kc1 Kd5 61. Kd1 c4 62. Kc1 Kc5 63. Kc2 Kc6 64. Kc1
Kb5 65. Kc2 Kb4 66. Kb2 c3+ 67. Kc2 Kc4 68. Kc1 Kd3 69. Kd1 Ke4 70. Kc2 Kd4 71.
Kc1 Kc4 72. Kc2 Kb4 73. Kc1 Kb3 74. Kb1 Kc4 75. Kc1 Kd4 76. Kc2 Kc4 77. Kc1 Kd4
78. Kc2 Kc4 1/2-1/2

[Event "ICS rated blitz match"]
[Site "204.178.125.65"]
[Date "2000.03.13"]
[Round "?"]
[White "QueenMaxima"]
[Black "Hossa"]
[Result "0-1"]
[WhiteElo "2462"]
[BlackElo "2489"]
[PlyCount "44"]

1. e4 e5 2. Nf3 Nc6 3. Bb5 a6 4. Ba4 Nf6 5. O-O Be7 6. Re1 b5 7. Bb3 O-O 8. c3
d5 9. exd5 Nxd5 10. h3 Bf6 11. d3 Be6 12. Qd2 Bf5 13. g4 Be6 14. g5 Nf4 15.
gxf6 Qxf6 16. Bxe6 fxe6 17. Kh2 Nxh3 18. Kxh3 Qxf3+ 19. Kh2 Rf5 20. Qf4 Rh5+
21. Qh4 Rxh4+ 22. Kg1 Rh1# 0-1

[Event "ICS rated blitz match"]
[Site "204.178.125.65"]
[Date "2000.03.13"]
[Round "?"]
[White "Hossa"]
[Black "QueenMaxima"]
[Result "1-0"]
[WhiteElo "2504"]
[BlackElo "2447"]
[PlyCount "119"]

1. e4 e6 2. d4 d5 3. e5 c5 4. c3 Ne7 5. dxc5 Ng6 6. Nf3 Nd7 7. b4 Qc7 8. Bb5
Ngxe5 9. Bf4 Nd3+ 10. Qxd3 Qxf4 11. Nbd2 a6 12. Bxd7+ Bxd7 13. c4 a5 14. cxd5
Qxb4 15. dxe6 Bxe6 16. O-O Qxc5 17. Rfe1 Rd8 18. Qe2 Be7 19. Ne4 Qa3 20. Qb5+
Rd7 21. Ne5 Qb4 22. Qxb4 Bxb4 23. Nxd7 Bxe1 24. Rxe1 Kxd7 25. Nc5+ Kc8 26. Nxe6
fxe6 27. Rxe6 Rd8 28. h4 Rd1+ 29. Kh2 Rd2 30. Re7 Rxf2 31. Rxg7 Rxa2 32. Rxh7
b5 33. h5 Rd2 34. Rf7 Rd4 35. Kh3 b4 36. h6 Rd3+ 37. Kg4 Rd4+ 38. Kh5 Rd5+ 39.
Kg6 Rd8 40. h7 b3 41. Rf2 Kb7 42. g4 Rd6+ 43. Kh5 Rd8 44. g5 Kc6 45. g6 b2 46.
Rc2+ Kd5 47. Rxb2 Rh8 48. Kg4 Kd4 49. g7 Rxh7 50. g8=Q Rh3 51. Qd8+ Kc3 52.
Qxa5+ Kxb2 53. Kxh3 Kc2 54. Qb5 Kc3 55. Kg4 Kd2 56. Qc5 Ke2 57. Qd4 Kf1 58. Qd2
Kg1 59. Kf3 Kf1 60. Qd1# 1-0

[Event "ICS rated blitz match"]
[Site "204.178.125.65"]
[Date "2000.03.13"]
[Round "?"]
[White "QueenMaxima"]
[Black "Hossa"]
[Result "0-1"]
[WhiteElo "2434"]
[BlackElo "2517"]
[PlyCount "138"]

1. c4 e5 2. Nc3 Nf6 3. Nf3 Nc6 4. e3 Bb4 5. d4 exd4 6. exd4 O-O 7. Be2 d5 8.
O-O dxc4 9. Bxc4 Bg4 10. Bg5 Bxf3 11. Qxf3 Qxd4 12. Bxf6 Qxf6 13. Qxf6 gxf6 14.
Nd5 Bd6 15. Nxf6+ Kg7 16. Nd5 Rg8 17. Rfe1 Ne5 18. Bf1 Rad8 19. Rad1 c6 20. Nc3
f6 21. Re4 Bc5 22. Be2 Rxd1+ 23. Nxd1 Rd8 24. Kf1 Bd4 25. Ne3 Bxe3 26. Rxe3 Rd2
27. Rb3 b6 28. Ke1 Rc2 29. Kd1 Rc5 30. Rg3+ Ng6 31. Rd3 Rd5 32. Rxd5 cxd5 33.
Bf1 f5 34. Kd2 Kf6 35. Kc3 Ke6 36. Kb4 Ne5 37. h3 f4 38. Kb5 Kd6 39. Ka6 d4 40.
g3 f3 41. Bb5 d3 42. Ba4 d2 43. Bd1 Nd3 44. b3 Nxf2 45. Bxf3 d1=Q 46. Bxd1 Nxd1
47. Kxa7 Kc7 48. Ka6 Nf2 49. Kb5 Nxh3 50. Kc4 Nf2 51. Kd4 Nh1 52. g4 Nf2 53.
Ke5 Nxg4+ 54. Kf4 Nf6 55. a3 Kd6 56. Kf5 Ke7 57. Kf4 Ke6 58. Kf3 Ke5 59. Ke3
Ne4 60. Kd3 h5 61. Ke3 h4 62. Kf3 h3 63. a4 Nd2+ 64. Kg3 Nxb3 65. Kh4 h2 66. a5
h1=Q+ 67. Kg5 Qg1+ 68. Kh6 Kf6 69. a6 Qh2# 0-1

[Event "ICS rated blitz match"]
[Site "204.178.125.65"]
[Date "2000.03.13"]
[Round "?"]
[White "Hossa"]
[Black "sekere"]
[Result "1-0"]
[WhiteElo "2529"]
[BlackElo "2146"]
[PlyCount "93"]
[EventDate "2000.??.??"]

1. e4 e5 2. Nf3 Nc6 3. d4 exd4 4. Nxd4 Nxd4 5. Qxd4 d6 6. Nc3 Nf6 7. Bf4 Be7 8.
Be2 O-O 9. O-O Be6 10. Rfd1 Qd7 11. Bg5 Rfd8 12. Qd3 a6 13. Qg3 Kh8 14. e5 Ne8
15. Bh5 Bxg5 16. Qxg5 d5 17. Bf3 c6 18. Na4 Rab8 19. Nc5 Qc8 20. Bh5 Nc7 21. c3
Kg8 22. Rd2 Bf5 23. g4 Bg6 24. Bxg6 hxg6 25. Qh4 Ne6 26. Nd3 g5 27. Qh5 Qd7 28.
a4 Qe7 29. Re1 g6 30. Qh6 Qf8 31. Qh3 Kg7 32. Red1 Qe7 33. Qf3 Rh8 34. Qg3 Rh4
35. f3 Rbh8 36. Rf1 Rh3 37. Qe1 Nf4 38. Rff2 Qe6 39. Nxf4 gxf4 40. Rd4 g5 41.
c4 dxc4 42. Rd6 Qe7 43. Qc3 Rd8 44. e6+ f6 45. Rxd8 Qxd8 46. Rd2 Qe8 47. Rd7+
1-0

[Event "ICS Rated blitz match"]
[Site "204.178.125.65"]
[Date "2000.03.13"]
[Round "?"]
[White "Kair"]
[Black "Hossa"]
[Result "0-1"]
[WhiteElo "2577"]
[BlackElo "2532"]
[PlyCount "162"]

1. d4 d5 2. Nf3 Nf6 3. Bf4 c5 4. e3 Qb6 5. Qc1 cxd4 6. exd4 Nc6 7. c3 Bg4 8.
Be2 e6 9. O-O Be7 10. h3 Bxf3 11. Bxf3 Rc8 12. Qd2 O-O 13. Qe2 Rcd8 14. Re1 Nd7
15. Na3 Bxa3 16. bxa3 Qa5 17. Qb2 Nb6 18. Rab1 Rd7 19. Qb3 Nc4 20. a4 Qd8 21.
Qd1 Qf6 22. Bg3 Qg5 23. Be2 Ne7 24. Qc1 Qxc1 25. Rbxc1 Rc8 26. Bd3 Nf5 27. Bf4
h6 28. Rc2 h5 29. Bxf5 exf5 30. Rce2 Kf8 31. Kh2 Rdd8 32. Rb1 b6 33. Rbe1 Re8
34. Kg3 Rxe2 35. Rxe2 Re8 36. Kf3 Re4 37. Bg5 f6 38. Be3 g5 39. g3 Kf7 40. Rc2
h4 41. Bc1 hxg3 42. fxg3 Re1 43. Kf2 Rd1 44. a3 Nd6 45. Kg2 Rd3 46. Bd2 Ne4 47.
Be1 Re3 48. Rc1 f4 49. gxf4 gxf4 50. h4 f3+ 51. Kf1 Re2 52. c4 dxc4 53. Rxc4
Rxe1+ 54. Kxe1 f2+ 55. Ke2 f1=Q+ 56. Kxf1 Nd2+ 57. Ke2 Nxc4 58. h5 Kg7 59. Kf3
Nxa3 60. Ke4 Nc4 61. Kf5 Nb2 62. d5 Nxa4 63. d6 Nc5 64. Kf4 Kf7 65. h6 Kg6 66.
Ke3 Kxh6 67. Kd4 Kg5 68. Kc4 Kf4 69. Kd5 Kf5 70. Kd4 Ke6 71. d7 Kxd7 72. Kc3 a5
73. Kc4 f5 74. Kd5 f4 75. Ke5 f3 76. Kd4 f2 77. Ke3 f1=Q 78. Kd2 Qf2+ 79. Kd1
Ne4 80. Kc1 Qa2 81. Kd1 Qd2# 0-1